<?xml version="1.0" encoding="UTF-8"?>
<record
    xmlns:xsi="http://www.w3.org/2001/XMLSchema-instance"
    xsi:schemaLocation="http://www.loc.gov/MARC21/slim http://www.loc.gov/standards/marcxml/schema/MARC21slim.xsd"
    xmlns="http://www.loc.gov/MARC21/slim">

  <leader>02454nam a2200361 a 4500</leader>
  <controlfield tag="001">000026476</controlfield>
  <controlfield tag="003">DO-SdBNP</controlfield>
  <controlfield tag="005">20180215133533.0</controlfield>
  <controlfield tag="007">000026476</controlfield>
  <controlfield tag="008">110321s2011    dr            001 0 spa d</controlfield>
  <datafield tag="020" ind1=" " ind2=" ">
    <subfield code="a">9789945074246</subfield>
  </datafield>
  <datafield tag="040" ind1=" " ind2=" ">
    <subfield code="a">BPMSU</subfield>
    <subfield code="b">spa</subfield>
    <subfield code="c">BPMSU</subfield>
  </datafield>
  <datafield tag="082" ind1=" " ind2="4">
    <subfield code="a">RD868.44</subfield>
    <subfield code="b">Z18&#xF3;</subfield>
  </datafield>
  <datafield tag="100" ind1="1" ind2=" ">
    <subfield code="a">Zaglul, Antonio,</subfield>
    <subfield code="d">1920-1996</subfield>
  </datafield>
  <datafield tag="245" ind1="1" ind2="0">
    <subfield code="a">Obras selectas /</subfield>
    <subfield code="c">Antonio Zaglul ; editor Andr&#xE9;s Blanco D&#xED;az.</subfield>
  </datafield>
  <datafield tag="260" ind1=" " ind2=" ">
    <subfield code="a">Santo Domingo :</subfield>
    <subfield code="b">BanReservas,</subfield>
    <subfield code="c">2011.</subfield>
  </datafield>
  <datafield tag="300" ind1=" " ind2=" ">
    <subfield code="a">2 v. ;</subfield>
    <subfield code="c">27 cm.</subfield>
  </datafield>
  <datafield tag="490" ind1="1" ind2=" ">
    <subfield code="a">Archivo General de la Naci&#xF3;n</subfield>
    <subfield code="v">131</subfield>
  </datafield>
  <datafield tag="500" ind1=" " ind2=" ">
    <subfield code="a">Incluye &#xED;ndice onom&#xE1;stico</subfield>
  </datafield>
  <datafield tag="504" ind1=" " ind2=" ">
    <subfield code="a">Bibliograf&#xED;a : p. 489</subfield>
  </datafield>
  <datafield tag="505" ind1=" " ind2=" ">
    <subfield code="g">V. 1 : </subfield>
    <subfield code="t">Mis500 locos -- </subfield>
    <subfield code="a">Presentaci&#xF3;n -- 
</subfield>
    <subfield code="t">Memoria del director de un manicomio -- </subfield>
    <subfield code="t">Motivaci&#xF3;n --
</subfield>
    <subfield code="t">La llegada -- </subfield>
    <subfield code="t">Recordando al Padre Billini --
</subfield>
    <subfield code="t">Trementina, cler&#xE9;n y bong&#xF3;. -- 
</subfield>
    <subfield code="t">Fiesta dominical -- 
</subfield>
    <subfield code="t">Historia de los manicomios -- 
</subfield>
    <subfield code="t">Los enfermeros --
</subfield>
    <subfield code="t">Un extra&#xF1;o cargamento -- 
</subfield>
    <subfield code="t">Los mellizos se encuentran -- 
</subfield>
    <subfield code="t">El padre Wheaton -- 
</subfield>
    <subfield code="t">El d&#xED;a que los locos callaron --
</subfield>
    <subfield code="t">La Psiquiatr&#xED;a evoluciona --</subfield>
    <subfield code="t">La mente y sus enfermedades --
</subfield>
    <subfield code="t">El mundo misterioso de los esquizofr&#xE9;nicos --  </subfield>
    <subfield code="t">El mundo de los psic&#xF3;patas -- </subfield>
    <subfield code="t">Las neurosis -- 
</subfield>
    <subfield code="t">Las psicosis -- </subfield>
    <subfield code="t">Autobiograf&#xED;a de una esquizofr&#xE9;nica -- 
</subfield>
    <subfield code="t">Plinio -- </subfield>
    <subfield code="t">El corredor -- 
</subfield>
    <subfield code="t">El liniero que lo sab&#xED;a todo -- 
 </subfield>
    <subfield code="t">El maestro -- </subfield>
    <subfield code="t">El loco que nunca re&#xED;a --  </subfield>
    <subfield code="t">El venezolano -- 
</subfield>
    <subfield code="t">En el mundo de la tristeza y de la alegr&#xED;a anormal. La locura man&#xED;aco-depresiva --
</subfield>
    <subfield code="t">La tristeza invade el Manicomio --  </subfield>
    <subfield code="t">Una apuesta macabra -- </subfield>
    <subfield code="t">Los man&#xED;acos 
</subfield>
    <subfield code="t">Epilepsia  --
</subfield>
    <subfield code="t">&#x201C;La gota&#x201D;, palabra maldita --</subfield>
    <subfield code="t">M&#xE1;s ladr&#xF3;n que loco -- 
</subfield>
    <subfield code="t">El amigo Bernardo -- </subfield>
    <subfield code="t">El veterano --
 </subfield>
    <subfield code="t">Recordando al Padre Billini --   </subfield>
    <subfield code="t">Trementina, cler&#xE9;n y bong&#xF3; -- 
Icargamento --</subfield>
    <subfield code="r">Daniel Toribio / </subfield>
  </datafield>
  <datafield tag="505" ind1=" " ind2=" ">
    <subfield code="g">V. 2 : </subfield>
    <subfield code="a">Temas de psiquiatr&#xED;a y medicina  -- 
</subfield>
    <subfield code="t">Sobre el comportamiento social y la cultura dominicana  -- </subfield>
    <subfield code="t">Personajes y amigos en el recuerdo -- </subfield>
  </datafield>
  <datafield tag="600" ind1="1" ind2="4">
    <subfield code="a">ZAGLUL, ANTONIO,</subfield>
    <subfield code="d">1920-1996</subfield>
  </datafield>
  <datafield tag="600" ind1="1" ind2="4">
    <subfield code="a">RODR&#xCD;GUEZ, EVANGELINA,</subfield>
    <subfield code="d">1879-1947</subfield>
  </datafield>
  <datafield tag="650" ind1=" " ind2="4">
    <subfield code="a">PSIQUIATR&#xCD;A</subfield>
    <subfield code="x">ENSAYOS, CONFERENCIAS, ETC.</subfield>
  </datafield>
  <datafield tag="650" ind1=" " ind2="4">
    <subfield code="a">SALUD P&#xDA;BLICA</subfield>
    <subfield code="x">ENSAYOS, CONFERENCIAS, ETC.</subfield>
  </datafield>
  <datafield tag="700" ind1="1" ind2=" ">
    <subfield code="a">Blanco D&#xED;az, Andr&#xE9;s,</subfield>
    <subfield code="e">ed.</subfield>
  </datafield>
  <datafield tag="830" ind1=" " ind2="0">
    <subfield code="a">Archivo General de la Naci&#xF3;n</subfield>
    <subfield code="v">131</subfield>
  </datafield>
  <datafield tag="910" ind1=" " ind2=" ">
    <subfield code="a">Validado. Control de calidad BNPHU</subfield>
  </datafield>
  <datafield tag="942" ind1=" " ind2=" ">
    <subfield code="2">ddc</subfield>
    <subfield code="c">BK</subfield>
  </datafield>
  <datafield tag="945" ind1=" " ind2=" ">
    <subfield code="a">Inventariado / 2017 VM</subfield>
  </datafield>
  <datafield tag="952" ind1=" " ind2=" ">
    <subfield code="0">0</subfield>
    <subfield code="1">0</subfield>
    <subfield code="2">ddc</subfield>
    <subfield code="4">0</subfield>
    <subfield code="7">0</subfield>
    <subfield code="8">CD</subfield>
    <subfield code="a">BPMET</subfield>
    <subfield code="b">BPMET</subfield>
    <subfield code="d">2015-07-14</subfield>
    <subfield code="l">0</subfield>
    <subfield code="o">RD868.44   Z18o</subfield>
    <subfield code="p">BPMSU15070202</subfield>
    <subfield code="r">2015-07-14</subfield>
    <subfield code="t">v. 1</subfield>
    <subfield code="w">2015-07-14</subfield>
    <subfield code="y">BK</subfield>
  </datafield>
  <datafield tag="952" ind1=" " ind2=" ">
    <subfield code="0">0</subfield>
    <subfield code="1">0</subfield>
    <subfield code="2">ddc</subfield>
    <subfield code="4">0</subfield>
    <subfield code="7">0</subfield>
    <subfield code="8">CD</subfield>
    <subfield code="a">BPMET</subfield>
    <subfield code="b">BPMET</subfield>
    <subfield code="d">2015-07-14</subfield>
    <subfield code="l">0</subfield>
    <subfield code="o">RD868.44   Z18o</subfield>
    <subfield code="p">BPMSU15070203</subfield>
    <subfield code="r">2015-07-14</subfield>
    <subfield code="t">v. 2</subfield>
    <subfield code="w">2015-07-14</subfield>
    <subfield code="y">BK</subfield>
  </datafield>
  <datafield tag="956" ind1=" " ind2=" ">
    <subfield code="a">VMATEO</subfield>
    <subfield code="b">10</subfield>
    <subfield code="c">20150712</subfield>
    <subfield code="l">BPMSU</subfield>
    <subfield code="h">00151</subfield>
  </datafield>
  <datafield tag="999" ind1=" " ind2=" ">
    <subfield code="c">7960</subfield>
    <subfield code="d">7960</subfield>
  </datafield>
</record>
